01590nam a2200337Ia 4500001001200000003000800012006001900020007001500039008004100054010001700095020001500112040002100127035002000148050002400168082001600192111008900208245023300297260004500530300002500575490007100600504005100671533015200722650003200874650003700906655002900943700002800972710001701000710004901017830006001066856012601126ebr10130649CaPaEBRm u cr cn|||||||||050718s2005 ne a sb 101 0 eng d z 2005930831 z1586035495 aCaPaEBRcCaPaEBR a(OCoLC)7130062514aR858.A2bI68 2005eb04a610.2852222 aInternational Congress on Medical Informaticsn(19th :d2005 :cGeneva, Switzerland)10aConnecting medical informatics and bio-informaticsh[electronic resource] :bproceedings of MIE2005, the XIXth International Congress of the European Federation for Medical Informatics /cedited by Rolf Engelbrecht ... [et al.]. aAmsterdam ; Oxford :bIOS Press,cc2005. axix, 1032 p. :bill.1 aStudies in health technology and informatics,x0926-9630 ;vv. 116 aIncludes bibliographical references and index. aElectronic reproduction.bPalo Alto, Calif. :cebrary,d2011.nAvailable via World Wide Web.nAccess may be limited to ebrary affiliated libraries. 0aBioinformaticsvCongresses. 0aMedical informaticsvCongresses. 7aElectronic books.2local1 aEngelbrecht, R.q(Rolf)2 aebrary, Inc.2 aEuropean Federation for Medical Informatics. 0aStudies in health technology and informatics ;vv. 116.40uhttp://site.ebrary.com/lib/rucke/Doc?id=10130649zAn electronic book accessible through the World Wide Web; click to view